000 00413nam a2200169Ia 4500
008 230917s9999||||xx |||||||||||||| ||und||
020 _cGBP0.8
040 _e41607
_aMAIN
041 _aEnglish
082 _a942 P363P
100 _aWhitelock, Dorothy
245 4 _aThe bebinnings of english society
250 _a2nd ed.
260 _aHarmondsworth
_bPenguin Books
_c1977
300 _a256 p.
942 _cBK
999 _c197227
_d197227